A dictionary of economics

Đã lưu trong:
Sonraí Bibleagrafaíochta
Príomhúdar: John Black
Formáid: Leabhar
Teanga:Undetermined
Foilsithe: Oxford Oxford Univ. Press 1997
Ábhair:
Clibeanna: Cuir Clib Leis
Gan Chlibeanna, Bí ar an gcéad duine leis an taifead seo a chlibeáil!
Thư viện lưu trữ: Trung tâm Học liệu Trường Đại học Cần Thơ
LEADER 00530nam a2200193Ia 4500
001 CTU_35503
008 210402s9999 xx 000 0 und d
020 |b 290.000đ 
082 |a 330.3 
082 |b B628 
100 |a John Black 
245 2 |a A dictionary of economics 
245 0 |c John Black 
260 |a Oxford 
260 |b Oxford Univ. Press 
260 |c 1997 
650 |a economics - dictionaries,english language - dictionaries 
904 |i Minh, 000302 
980 |a Trung tâm Học liệu Trường Đại học Cần Thơ